000 00654nam a2200277Ia 4500
005 20260324141740.0
008 008 260324s9999 xx 000 0 eng d
020 _a9780203434604
037 _aEBOOK
040 _aCRL
040 _beng
040 _cCRL
041 _2eng
041 _aeng
084 _qCRL
100 _aMike Danson
_91209366
245 0 _aSmall Firm Formation and Regional Economic Development
260 _bTaylor and Francis
260 _c1996
365 _a
365 _b205
856 _uhttp://www.taylorfrancis.com/books/9780203434604
942 _cEBOOK
999 _c1812778
_d1812778